| 000 | 01878nam0a2200349 4500 | ||
|---|---|---|---|
| 001 | RU\NLR\bibl\1031382 | ||
| 005 | 20260405122920.0 | ||
| 010 |
_a5-98405-036-6 _91000 |
||
| 021 |
_aRU _b2006-75947 _93843 |
||
| 035 | _a(nilc)RSL-KNO-002981873 | ||
| 035 | _a(NLR Aleph) 001018843 | ||
| 090 |
_a685429 _c685429 |
||
| 100 | _a20061127d2006 |||y0rusy50 ca | ||
| 101 | 0 |
_arus _aita |
|
| 102 | _aRU | ||
| 105 | _aa z ||||| | ||
| 106 | _ar | ||
| 200 | 1 |
_aИтальянский язык _eучебно-методическое пособие для студентов факультетов журналистики _fГ. Н. Данилова |
|
| 210 |
_aМосква _cВК _d2006 |
||
| 215 |
_a401, [1] с. _cил., табл. _d24 |
||
| 320 | _aБиблиогр.: с. 397 (18 назв.) | ||
| 606 | 1 |
_aИтальянский язык _xУчебные издания для журналистов _92464850 _3RU\NLR\auth\661464353 |
|
| 610 | 0 | _aФилологические науки. Художественная литература -- Языкознание -- Индоевропейские языки -- Романские языки -- Итало-романские языки -- Итальянский язык -- Преподавание и методика изучения языка -- Учебники и учебные пособия общего характера -- Учебные пособия для высшей школы -- Учебные пособия для неязыковых учебных заведений | |
| 686 |
_aШ147.31-923.2 _2rubbk |
||
| 686 | _aШ147.31-93рус329.9 | ||
| 700 | 1 |
_4070 _7ca _8rus _aДанилова _bГ. Н. _cфилолог _931617 _3RU\NLR\auth\7748682 |
|
| 801 | 0 |
_aRU _bРКП _c20061127 _grcr |
|
| 801 | 1 |
_aRU _bРГБ _c20061127 |
|
| 801 | 2 |
_aRU _bNLR _c20070116 _grcr |
|
| 942 | _cBOOK | ||
| 980 | _aNB | ||